000 01579nam a2200421 i 4500
001 196529
003 ES-MaACL
005 20250904233825.0
007 ta
008 241004s2006 sp a | |||| 000 0 spa
015 _aMON0807
017 _aB 35606-2006
_bOficina Depósito Legal Barcelona
020 _a8489192936
_z84-89192-93-5
020 _a8489192588
_cObra completa
035 _a(OCoLC)433754200
035 _a(SpMaBN)a4309842
035 _a991008008779708606
040 _aSpMaBN
_bspa
_cSpMaBN
_erdc
_dES-MaACL
080 _a32(460)"1975/82"
245 0 0 _aLas Cortes franquistas se hacen el harakiri :
_b1976 /
_c[redacción, M. Ángel Rodríguez ... et al.].
260 _aMadrid :
_bUnidad Editorial,
_c[2006].
300 _a201 p. :
_bil. col. y n. ;
_c25 cm.
336 _2rdacontent
_atexto
337 _2rdamedia
_asin mediación
338 _2rdacarrier
_avolumen
490 1 _aEl Franquismo, año a año ;
_v36
500 _aÍndices
651 7 _aEspaña-
_xHistoria-
_y1975-1982, Transición
_9149272
655 7 _2tgfbne
_aLibros ilustrados
_9193653
700 _aRodríguez Bajón, Miguel Ángel,
_d1964-
_eaut
_9238960
830 3 _aEl franquismo, año a año
_v36
_9238963
852 _aES-MaACL
_cDEPOJ
_jA-15517
_hDonación: Fernando Codina Rodríguez
_xEncuadernación rústica con solapas
_9204242
903 _aCodina Rodríguez, Fernando
_ednr
_9238631
942 _n0
_cMONOGRAFIA
999 _c196529
_d196529